00593nam a22002057a 450000500170000001000110001702000100002803500110003803700160004904000120006508200160007710000170009324500690011026000440017927000530022330000230027650000510029965000200035065000170037020170124110001.0 a893700 c00.00 a893700 bCen Lib/Ret aDPLbEN a354.54bVEP aVepa, Ram K. aChange and challenge in indian administration /cby Ram K. Vepa  aNew Delhi bManohar Publications c1978 bNew Delhi a2, ansari road, dariya ganj e110002 ax, 288p.c21cm(Hb) aIncludes bibliographical references and index  aAdministration  aNew society